| 000 | 00829nam a2200265 a 4500 | ||
|---|---|---|---|
| 001 | BRL_1101 | ||
| 005 | 20190320211032.0 | ||
| 008 | 121113s1981----mx-a######---#000-0#spa-# | ||
| 020 | _a9683800254 | ||
| 041 | _aspa | ||
| 044 | _amx | ||
| 050 | 4 |
_aND2644 _b.C37 1981 |
|
| 100 | 1 |
_aCarrillo Azpéitia, Rafael _94977 |
|
| 245 | 1 | 0 |
_aPintura mural de México _bla Epoca Prehispánica, el Virreinato y los grandes artistas de nuestro siglo _cRafael Carrillo A. |
| 260 |
_aMéxico _bPanorama _c1981 |
||
| 300 |
_a155 p. _bil. _c18 cm. |
||
| 440 | 0 |
_aColección Panorama _922783 |
|
| 500 | _aAu1278 | ||
| 500 | _aEstado físico: desprendimiento de hojas | ||
| 500 | _aIncluye dedicatoria a Ruth Lechuga | ||
| 650 | 1 | 4 |
_aPintura mural mexicana _924790 |
| 650 | 1 | 4 |
_apintura mural _zMéxico _95317 |
| 902 | _aGRL | ||
| 942 |
_2lcc _cB |
||
| 999 |
_c9913 _d9913 |
||